000 00236cam a2200109ua 4500
082 _a922.9
_bNAI/SR
100 _aNair, M K .
_91675
245 _aSree Bhrahmananda Swami Shivayogi /
250 _a1 /
300 _a208 ; .
942 _cBK
999 _c6678
_d6678